000 00690nam a2200241 a 4500
008
020 _a9781857028355 (pbk. )
049 _aMAIN
090 _aQH431
_bRID
100 _aRidley, Matt.
245 0 0 _aGenome :
_bthe autobiography of a species in 23 chapters /
_cMatt Ridley.
260 _aLondon :
_bHaper Perennial,
_c1999.
300 _a344 p. ;
_c20 cm.
500 _aIncludes index.
504 _aIncludes biblographical references.
650 0 _aHuman genetics.
650 0 _aHuman genome.
907 _a.b10313904
_b08-03-18
_c04-05-12
003
005 20230123125431.0
040 _cNUST
942 _cBOOKS
_kQH431
_mRID
999 _c141418
_d141418